Statystyki dla Państwa, które kiedyś były częścią Polski

Kliknij tutaj aby rozwiązać quiz!

Ogólne statystyki

  • Ten quiz został rozwiązany 23 497 razy
    (22 204 od ostatniego zresetowania)
  • Średni wynik to 11 z 14

Statystyki odpowiedzi

Kraj% Poprawnych
Litwa
98%
Niemcy
98%
Rosja
98%
Czechy
97%
Ukraina
97%
Łotwa
96%
Słowacja
96%
Białoruś
94%
Estonia
92%
Rumunia
74%
Mołdawia
68%
Polska
38%
Trynidad i Tobago
16%
Gambia
15%

Rozkład punktacji

Percentyl według liczby udzielonych odpowiedzi

Procent ludzi z każdym wynikiem

Twoja historia wyników

Nie rozwiązałeś tego quizu od ostatniego zresetowania